000 00311nam a22001217a 4500
008 181127b xxu||||| |||| 00| 0 eng d
041 _aeng
080 _a043.3
100 _a0
101 _aBTH-MBE
245 _aTatimi në pronë në Komunën e Mitrovicës në periudhën 2014-2017
_cBroja,D
942 _2udc
_cBK
999 _c52614
_d52614